000 00767nam a2200229 a 4500
001 BRCA_1347
005 20190320203403.0
008 900328s1990 mx-a---##b---#001-0#spa-#
040 _aDLC
_cDLC
_dDLC
050 4 _aNK844
_b.S29 1990
100 1 _aSayer, Chloë
_94413
245 1 0 _aArts and Crafts of Mexico
_cChloë Sayer ; special photography by David Lavender.
260 _aMéxico
_bEuropress
_c1990
300 _a160 p.
_bil. (algunas a color), mapas
_c26 cm.
500 _aIncluye índice de ilustraciones y glosario
504 _aBibliografía: p. 155-156
650 1 4 _aArtes decorativas
_zMéxico
_93532
650 1 4 _aArte popular
_zMéxico
_9882
650 1 4 _aArtesanias
_zMéxico
_93976
700 1 _aLavender, David Sievert
_d1910-
_94414
942 _2lcc
_cB
999 _c1210
_d1210